Statistics for All Teams Ever Played For by Diego Costa

Click here to take the quiz!

General Stats

  • This quiz has been taken 48 times
    (16 since last reset)
  • The average score is 7 of 16

Answer Stats

YearsAnswer% Correct
2010-2014Atlético Madrid
100%
2018-2020Atlético Madrid
100%
2007-2009Atlético Madrid
100%
2014-2017Chelsea
94%
2022-2023Wolverhampton Wanderers
56%
2012Rayo Vallecano
38%
2014-2018Spain
38%
2021Atlético Mineiro
31%
2023-Botafogo
31%
2009-2010Real Valladolid
25%
2008-2009Albacete
19%
2007-2008Celta Vigo
19%
2013Brazil
13%
2006Penafiel
6%
2007Sporting Braga
6%
2006Sporting Braga
6%

Score Distribution

Percentile by Number Answered

Percent of People with Each Score

Your Score History

You have not taken this quiz since the last reset